ბათუმის შოთა რუსთაველის სახელმწიფო უნივერსიტეტის ბიბლიოთეკა

დამხმარე სახელმძღვანელო სკოლის დირექტორებისათვის (ბიბ.ჩანაწერი № 43884)

000 -LEADER
fixed length control field 01113nam a2200229Ia 4500
001 - CONTROL NUMBER
control field 10633
003 - CONTROL NUMBER IDENTIFIER
control field GE_BSU
008 - FIXED-LENGTH DATA ELEMENTS--GENERAL INFORMATION
fixed length control field 181216s||||||||xx |||||||||||||| ||und||
020 ## - INTERNATIONAL STANDARD BOOK NUMBER
International Standard Book Number 9789994069385
040 ## - CATALOGING SOURCE
Transcribing agency GE_BSU
080 ## - UNIVERSAL DECIMAL CLASSIFICATION NUMBER
Universal Decimal Classification number 371.1+37.113.1
100 ## - MAIN ENTRY--PERSONAL NAME
Personal name გოგლიჩიძე,ალუდა; კობახიძე,მაგდა; ლაცაბიძე,გიორგი.
245 ## - TITLE STATEMENT
Title დამხმარე სახელმძღვანელო სკოლის დირექტორებისათვის
245 ## - TITLE STATEMENT
Statement of responsibility, etc. რედ:მაია მენაბდე; წინასიტყვ:გია მამულაშვილი.
260 ## - PUBLICATION, DISTRIBUTION, ETC.
Place of publication, distribution, etc. თბილისი
260 ## - PUBLICATION, DISTRIBUTION, ETC.
Name of publisher, distributor, etc. მასწავლებელთა პროფეს. განვითარების ეროვნ.ცენტრი
260 ## - PUBLICATION, DISTRIBUTION, ETC.
Date of publication, distribution, etc. 2011
300 ## - PHYSICAL DESCRIPTION
Extent 176გვ;24სმ.
653 ## - INDEX TERM--UNCONTROLLED
Uncontrolled term დამხმარე სახელმძღვანელო სკოლის დირექტორებისათვის
942 ## - ADDED ENTRY ELEMENTS (KOHA)
Koha item type წიგნი
ეგზემპლარები
Withdrawn status Lost status Damaged status Not for loan Date acquired Barcode Date last seen Price effective from Koha item type
        2018-12-17 34761 2018-12-17 2018-12-17 წიგნი
        2018-12-17 34762 2018-12-17 2018-12-17 წიგნი
        2018-12-17 34763 2018-12-17 2018-12-17 წიგნი
        2018-12-17 34764 2018-12-17 2018-12-17 წიგნი
        2018-12-17 34765 2018-12-17 2018-12-17 წიგნი
        2018-12-17 34766 2018-12-17 2018-12-17 წიგნი
        2018-12-17 34767 2018-12-17 2018-12-17 წიგნი
        2018-12-17 34768 2018-12-17 2018-12-17 წიგნი
        2018-12-17 34769 2018-12-17 2018-12-17 წიგნი
        2018-12-17 34770 2018-12-17 2018-12-17 წიგნი